The Program /

The Program: Lessons From Elite Military Units for Creating and Sustaining High Performing Leaders and Teams offers a hands-on guide to the winning techniques and tactics of The Program, the acclaimed team building and leadership development company. Drawing on the actual experiences of The Program&...

Full description

Bibliographic Details
Main Authors: Kapitulik, Eric (Author), MacDonald, Jake (Author)
Corporate Author: Safari, an O'Reilly Media Company
Other Authors: Compton, Shawn (Narrator)
Format: Audio eBook
Language:English
Published: Ascent Audio, 2019.
Edition:1st edition.
Subjects:
Online Access:Connect to this electronic resource

MARC

Tag First Indicator Second Indicator Subfields
LEADER 00000cim a2200000 a 4500
001 in00004363421
005 20260128224352.5
006 m o d
007 cr cn
008 051021s2019 xx o eng
020 |z 9781469077581 
024 8 |a 9781469077581 
035 |a (CaSebORM)9781469077581 
040 |d UtOrBLW 
041 0 |a eng 
100 1 |a Kapitulik, Eric,  |e author.  |0 http://id.loc.gov/authorities/names/no2019136798 
245 1 4 |a The Program /  |c Kapitulik, Eric. 
250 |a 1st edition. 
264 1 |b Ascent Audio,  |c 2019. 
300 |a 1 online resource (28804 pages) 
336 |a spoken word  |b spw   |2 rdacontent 
337 |a computer  |b c  |2 rdamedia 
338 |a online resource  |b cr  |2 rdacarrier 
347 |a audio file 
365 |b 83.00 
520 |a The Program: Lessons From Elite Military Units for Creating and Sustaining High Performing Leaders and Teams offers a hands-on guide to the winning techniques and tactics of The Program, the acclaimed team building and leadership development company. Drawing on the actual experiences of The Program's instructors from their personal combat stories to working with world-class athletic teams and successful corporations, the book clearly shows how The Program's training operations can help to achieve life goals and ambitions. The Program offers a road map that contains illustrative examples, ideas, and approaches for improving teammates and leaders at all levels within an organization of any size or type. - Bring your organization to the next level of success - Discover how to hold your leaders and teammates to the highest standards - Understand how accountability increases effectiveness - Learn to communicate effectively This important book explores the military's leadership and team building concepts that can be implemented to ensure an organization creates and sustains performance that adheres to the highest standards of excellence. 
533 |a Electronic reproduction.  |b Boston, MA :  |c Safari,  |n Available via World Wide Web. 
538 |a Mode of access: World Wide Web. 
542 |f Copyright © Ascent Audio 
550 |a Made available through: Safari, an O'Reilly Media Company. 
588 0 |a Online resource; Title from title page (viewed November 26, 2019) 
500 |a Electronic resource. 
655 7 |a Audiobooks.  |2 local 
700 1 |a MacDonald, Jake,  |e author. 
700 1 |a Compton, Shawn,  |e narrator.  |0 http://id.loc.gov/authorities/names/no2020007025 
710 2 |a Safari, an O'Reilly Media Company. 
856 4 0 |u https://proxy.library.tamu.edu/login?url=https://go.oreilly.com/TAMU/library/view/-/9781469077581/?ar  |z Connect to this electronic resource  |t 0 
999 f f |s f7e7cfe3-1b63-3106-9a1f-0ae5da90bdb5  |i e372a7f1-dc5d-3ecf-be66-133ce12d546e  |t 0 
952 f f |a Texas A&M University  |b College Station  |c Electronic Resources  |s www_evans  |d Available Online  |t 0  |h No information provided 
998 f f |t 0  |l Available Online